| 000 | 00366nam a2200145 a 4500 | ||
|---|---|---|---|
| 005 | 20140414132140.0 | ||
| 008 | 140203s19uu xx 00 eng d | ||
| 020 | _a9781595662743 | ||
| 050 |
_aM 681 _bMo76 2006 |
||
| 100 | _aMontague-Smith, Ann | ||
| 245 | _aMeasuring. | ||
| 260 |
_aNorth Mankato,MN : _bQED Pub, _cc2006. |
||
| 650 | _aMeasuring | ||
| 999 |
_c115342 _d115342 |
||